000 00203 a2200109 4500
020 _a9780590293600
041 _aspa
100 _abetsy franco
245 _aBeto y Pedro
942 _cK
999 _c30242
_d30240
999 _d30240